000 00390 a2200169 4500
001 70204
020 _a9788535617269
040 _cAnchieta - Itaigara
100 _aSavaget, Luciana
240 1 0 _aSua majestade, o elefante:
_lpor
245 1 0 _aSua majestade, o elefante:
300 _a32
362 0 _a2009
440 1 _aPaulinas
650 4 _aLiteratura infanto-juvenil
942 _cBK
999 _c70204
_d70204